000 00457nam a22001697a 4500
003 BD-ChCU
005 20260408105220.0
008 260408b bg ||||| |||| 00| 0 ben d
040 _cBD-ChCU
082 _aREF 332.103 THD
100 _aThomson , W.
_921374
245 _aDictionary of banking ./
_cW. Thomson .
260 _aLondon :
_bIsaac pitman .
_cC 1965
300 _aix , 641p.
650 0 _aEconomic - Dictionaries.
_921377
942 _2ddc
_cBK
_n0
999 _c112148
_d112148